000 00214nam a22000857a 4500
008 170527b xxu||||| |||| 00| 0 eng d
100 _93137
_aJ. F. Bjorn
245 _aPapa`s Wife
260 _aUSA
_bFlemming H. Revell
_c1955
999 _c6429
_d6429